Violencia familiar y adicciones: recomendaciones preventivas /

Podrobná bibliografie
Další autoři: Moreno, Kena (coordinadora)
Médium: Kniha
Jazyk:Spanish
Vydáno: México: Editorial Trillas, Editorial Centro de Integración Juvenil, 2014.
Vydání:Primera edición.
Témata:

MARC

LEADER 00000nam a2200000 i 4500
003 eccuu
005 20231219133941.0
006 a||||gr|||| 001 0
007 ta
008 200106t20142014mx aaaagr|||| 001 0 spa a
020 |a 978-607-17-1781-8 
040 |a eccuu  |b spa  |c eccuu  |e rda 
041 0 |a spa 
082 0 |2 22  |a 362.829 2  |c 29454415 
245 1 0 |a Violencia familiar y adicciones:   |b recomendaciones preventivas /   |c Kena Moreno, coordinadora. 
250 |a Primera edición. 
264 1 |a México:   |b Editorial Trillas,   |b Editorial Centro de Integración Juvenil,   |c 2014. 
264 4 |c ©2014 
300 |a 263 páginas:   |b tab  |c 23 cm 
336 |2 rdacontent  |a texto  |b txt 
337 |2 rdamedia  |a no mediado  |b n 
338 |2 rdacarrier  |a volumen  |b nc 
504 |a incl. bib. 
505 1 |a Conceptos básicos del consumo de drogas y la violencia -- La violencia en la familia -- Violencia en la familia y adicciones: dos problemas que suelen ir de la mano -- Prevención del consumo de drogas y violencia -- Buscar apoyo profesional. 
650 1 7 |2 eccuu  |9 39268  |a Violencia doméstica 
650 1 7 |2 eccuu  |a Toxicomanía  |x familia  |9 249418 
650 1 0 |a Drogadicción  |9 18020  |2 eccuu 
700 1 |a Moreno, Kena.  |e coordinadora  |9 123719 
942 |2 ddc  |c BK  |z luis.lescanob@ucuenca.edu.ec  |r wilman.tandazo@ucuenca.edu.ec 
999 |c 158620  |d 158620